| 000 | 00572nam a2200193Ia 4500 | ||
|---|---|---|---|
| 008 | 180207s9999 xx 000 0 und d | ||
| 020 | _a9780736421287 | ||
| 050 | _bC164 2003 | ||
| 100 | _aCalmenson, Stephanie | ||
| 245 | 4 | _aThe little mermaid / | |
| 245 | _cadapted by Stephanie Calmenson ; cover illustrated by Danise Shimabukuro and Brent Ford ; illustrated by Francesc Mateu. | ||
| 260 | _aNew York : | ||
| 260 | _bRandom House, Inc., | ||
| 260 | _c2003 | ||
| 300 | _aunpaged : | ||
| 300 | _bcolor illustration ; | ||
| 300 | _c20cm. | ||
| 440 | _aDisney's. | ||
| 999 |
_c355578 _d355578 |
||